Dinero / (Record no. 131098)

MARC details
000 -LEADER
campo de control de longitud fija 01106nam a2200265 4500
001 - NÚMERO DE CONTROL
campo de control 131098
003 - IDENTIFICADOR DE NÚMERO DE CONTROL
campo de control ES-MaACL
005 - FECHA Y HORA DE LA ÚLTIMA TRANSACCIÓN
campo de control 20250721062623.0
007 - CAMPO FIJO DE DESCRIPCIÓN FÍSICA--INFORMACIÓN GENERAL
campo de control de longitud fija t|
008 - DATOS DE LONGITUD FIJA--INFORMACIÓN GENERAL
campo de control de longitud fija 070214s1945 mx r ||||1| spa d
100 1# - ENTRADA PRINCIPAL--NOMBRE DE PERSONA
Nombre de persona Robertson, Dennis Holme.
9 (RLIN) 97853
245 10 - MENCIÓN DEL TÍTULO
Título Dinero /
Mención de responsabilidad, etc. D. H. Robertson ; traducción de Julio Cádiz y José Antonio Rivera.
250 ## - MENCION DE EDICION
Mención de edición 2ª ed. en español.
260 ## - PUBLICACIÓN, DISTRIBUCIÓN, ETC.
Lugar de publicación, distribución, etc. México :
Nombre del editor, distribuidor, etc. Fondo de Cultura Económica,
Fecha de publicación, distribución, etc. 1945.
300 ## - DESCRIPCIÓN FÍSICA
Extensión 204 p. ;
Dimensiones 20 cm.
510 ## - NOTA DE CITAS O REFERENCIAS BIBLIOGRÁFICAS
Nombre de la fuente CCPB,<br/>
Localización dentro de la fuente 001348047-2.
650 #7 - PUNTO DE ACCESO ADICIONAL DE MATERIA--TÉRMINO DE MATERIA
Término de materia o nombre geográfico como elemento de entrada Economía
Fuente del encabezamiento o término embne
9 (RLIN) 12006
700 1# - ENTRADA AGREGADA--NOMBRE PERSONAL
Nombre de persona Cádiz, Julio.
9 (RLIN) 33398
700 1# - ENTRADA AGREGADA--NOMBRE PERSONAL
Nombre de persona Rivera, José Antonio.
9 (RLIN) 97618
852 ## - LOCALIZACIÓN
Ubicación ES-MaACL
Número de control de estantería D-6280
Sublocalización o colección R.30371
-- R.M.5875
itemnumber 135874
Marcas de propiedad Sello en tinta azul de la Biblioteca del Ateneo de Madrid
Anotaciones manuscritas Anotación manuscrita a lapiz en cubierta: "16"
-- Anotación manuscrita a lapiz en guarda anterior: "1950"
Ubicación en estantería Sala Valle Inclán
Nota libre "11.DIC.1950"
942 ## - ELEMENTOS DE ENTRADA SECUNDARIOS (KOHA)
Fuente del sistema de clasificación o colocación Clasificación decimal universal
Tipo de ítem Koha Libro impreso
Holdings
Estatus retirado Estado de pérdida Fuente del sistema de clasificación o colocación Estado de daño No para préstamo Biblioteca de origen Biblioteca actual Ubicación en estantería Fecha de adquisición Total de préstamos Signatura topográfica completa Código de barras Visto por última vez Precio de reemplazo Tipo de ítem Koha
    Clasificación decimal universal     Biblioteca del Ateneo de Madrid Biblioteca del Ateneo de Madrid Sala Valle Inclán 17/01/2008   D-6280 901136488 23/02/2023 23/02/2023 Libro impreso